000 004790000a22001930004500
003 LK-CoMWRAF
005 20230923114638.0
008 230817t1984 ||||| |||| 00| 0 eng d
020 _a0449901424
040 _aLK-CoMWRAF
_dLK-CoMWRAF
_eLK-CoMWRAF
041 _aeng
082 _a155.3
_bBRO
100 _aBrownmiller, Susan
245 _aFemininity
260 _aNew York:
_bBallentine,
_c1984
300 _a270 p. ; 24 cm
650 _aFEMININITY(PSYCHOLOGY)
942 _cBK
999 _c1227
_d1227